Statistics for Lowland League Teams

Click here to take the quiz!

General Stats

  • This quiz has been taken 3 times
    (2 since last reset)
  • The average score is 7 of 18

Answer Stats

Answer% Correct
Celtic B
100%
Rangers B
100%
Broomhill
50%
Civil Service Strollers
50%
Dalbeattie Star
50%
East Kilbride
50%
Gala Fairydean Rovers
50%
Gretna 2008
50%
Stirling Uni
50%
The Spartans
50%
Vale of Leithen
50%
Berwick Rangers
0%
Bo'ness United
0%
Bonnyrigg Rose
0%
Caledonian Braves
0%
Cumbernauld Colts
0%
East Stirlingshire
0%
Edinburgh Uni
0%

Score Distribution

Percentile by Number Answered

Percent of People with Each Score

Your Score History

You have not taken this quiz since the last reset